Control por software de sistemas de gobierno para diodos láser con tecnología Arduino

Guardat en:
Dades bibliogràfiques
Autor principal: Ulloa Echandi, Esteban, 1990-
Altres autors: Cascante Vindas, Jaime, 1978- Director de Proyecto Eléctrico
Format: Llibre
Idioma:Spanish
Publicat: [San José, Costa Rica] 2012
Matèries:
Etiquetes: Afegir etiqueta
Sense etiquetes, Sigues el primer a etiquetar aquest registre!

MARC

LEADER 00000nam a22000007a 4500
003 011711
005 20230831092104.0
008 151002b2012 cr a|||| |||| 00| ||spa d
040 |c cru CEDI  
090 |a TFG 6881 
100 |9 1330  |a Ulloa Echandi, Esteban, 1990- 
245 |a Control por software de sistemas de gobierno para diodos láser con tecnología Arduino 
260 |a [San José, Costa Rica]  |c 2012 
300 |a  xiii, 90 páginas : ilustraciones 
500 |a Proyecto de graduación (bachillerato en ingeniería)--Universidad de Costa Rica. Facultad de Ingeniería. Escuela de Ingeniería Eléctrica 
501 |a Director de Proyecto Eléctrico: Jaime Cascante Vindas, Dr 
650 |x DIODOS   |x DIODOS SEMICONDUCTORES   |x DIODOS EMISORES DE LUZ   |x RAYOS LASERS   |x OPTOELECTRONICA  |x CONTROL AUTOMATICO   |9 1289 
700 |9 732  |a  Cascante Vindas, Jaime, 1978-  |d Director de Proyecto Eléctrico  
942 |c CEDI 
999 |c 14064  |d 14064